Desafiando suposiciones: discapacidad psiquiátrica y desarrollo de base /
Збережено в:
| Автор: | |
|---|---|
| Формат: | Текст |
| Теги: |
Додати тег
Немає тегів, Будьте першим, хто поставить тег для цього запису!
|
MARC
| LEADER | 00000 a a2200000 04500 | ||
|---|---|---|---|
| 001 | 41197 | ||
| 003 | |||
| 040 | |||
| 100 | |a Rodríguez-Frías, Eduardo | ||
| 245 | |a Desafiando suposiciones: |b discapacidad psiquiátrica y desarrollo de base / |c Eduardo Rodríguez-Frías | ||
| 773 | |g volumen31, número1 (2010), páginas 36-41 : fotos, ilustraciones | ||
| 999 | |c 24718 |d 24718 | ||
